000
00430nam a22001217a 4500
040
_c
HS
082
_a
307
110
_a
LUTHERAN WORLD FEDERATION (LWF)
245
_a
ឧបករណ៍សម្រាប់ការសិក្សា និងអនុវត្តន៍សកម្មភាពតាមបែបចូលរួម
260
_a
ភ្នំពេញ
_b
LUTHERAN WORLD FEDERATION
_c
2002
300
_a
NA
942
_c
KB
999
_c
8696
_d
8696